[Event "SZCZYRK OPEN - TURNIEJ Z OKAZJI SWIETA NIEPODLEGLOSCI - BLITZ 3'+2'' "]
[Site "Szczyrk"]
[Date "2018-11-11"]
[Round "8.37"]
[White "Panek, Bartosz "]
[Black "Jozefczyk, Szymon"]
[Result "1-0"]
[WhiteTitle ""]
[BlackTitle ""]
[WhiteElo "1478"]
[BlackElo "1274"]

1. e4 c5 2. c3 Nf6 3. e5 Nd5 4. d4 cxd4 5. cxd4 d6 6. Nf3 Nc6 7. Bc4 Nb6 8. Bb5
Bd7 9. Nc3 d5 10. O-O a6 11. Bd3 e6 12. Ng5 h6 13. Qh5 Qe7 14. Nf3 g6 15. Qh3
Bg7 16. Be3 Na5 17. b3 O-O-O 18. Rfc1 Kb8 19. g3 Rc8 20. Qf1 Rc7 21. Bxa6 Rhc8
22. Bd2 Nc6 23. Bb5 g5 24. Be3 f6 25. Bxc6 Rxc6 26. Nb5 Rxc1 27. Rxc1 Rxc1 28.
Bxc1 fxe5 29. dxe5 g4 30. Nfd4 Bxe5 31. Bxh6 Qf6 32. Qc1 Bxd4 33. Qc7+ Ka8 34.
Bf4 e5 35. Nd6 Bc6 36. Be3 Bxe3 37. fxe3 Bb5 38. Qxb7# 1-0

[Event "SZCZYRK OPEN - TURNIEJ Z OKAZJI SWIETA NIEPODLEGLOSCI - BLITZ 3'+2'' "]
[Site "Szczyrk"]
[Date "2018-11-11"]
[Round "8.38"]
[White "Krzywicki, Michal"]
[Black "Wiszniewski, Tomasz"]
[Result "1-0"]
[WhiteTitle ""]
[BlackTitle ""]
[WhiteElo "1306"]
[BlackElo "1475"]

1. Nf3 c5 2. g3 Nc6 3. Bg2 d6 4. O-O e6 5. b3 Nf6 6. Bb2 g6 7. c4 Bg7 8. d4 cxd4
9. Nxd4 Bd7 10. Nb5 Nb4 11. Nxd6+ Kf8 12. Nxb7 Qc7 13. Na3 Rb8 14. Qd6+ Qxd6 15.
Nxd6 Rg8 16. Nab5 Ne8 17. Ba3 Nc2 18. Nxe8+ Nxa3 19. Rad1 Kxe8 20. Nxa3 Ke7 21.
Rd3 Rgd8 22. Rfd1 Bf8 23. Nc2 Bg7 24. Ne3 Bf6 25. Ng4 Bg7 26. Rd6 h5 27. Ne3 Bf6
28. R6d3 Ke8 29. c5 Bb5 30. Rxd8+ Rxd8 31. Rxd8+ Bxd8 32. b4 a5 33. a3 Ke7 34.
Nc2 Bxe2 35. Nd4 Bc4 36. Nc6+ Kd7 37. Ne5+ Kc7 38. Nxc4 axb4 39. axb4 Be7 40.
Kf1 f6 41. Ke2 e5 42. Nd6 f5 43. Kd3 e4+ 44. Kc4 Kc6 45. Nc8 Bf6 46. Nb6 Bb2 47.
b5+ Kc7 48. Nd5+ Kc8 49. Ne7+ Kd7 50. Nxg6 Bc1 51. Nf4 Bxf4 52. gxf4 Kc7 53. Bh3
1-0

[Event "SZCZYRK OPEN - TURNIEJ Z OKAZJI SWIETA NIEPODLEGLOSCI - BLITZ 3'+2'' "]
[Site "Szczyrk"]
[Date "2018-11-11"]
[Round "8.39"]
[White "Sandomierski, Cyprian"]
[Black "Zaborski, Igor "]
[Result "1-0"]
[WhiteTitle ""]
[BlackTitle ""]
[WhiteElo "1472"]
[BlackElo "1255"]

1. e4 c6 2. d4 d5 3. e5 c5 4. c3 Nc6 5. Ne2 Nh6 6. Nd2 Nf5 7. Nf3 Qb6 8. h3 cxd4
9. cxd4 g6 10. b3 Ng7 11. Bb2 Bf5 12. Nc3 e6 13. Be2 Bb4 14. a3 Be7 15. Na4 Qc7
16. b4 O-O 17. O-O h6 18. Qd2 g5 19. Rfc1 Qd7 20. Nc5 Bxc5 21. Rxc5 Bg6 22. Rac1
Rac8 23. Qc3 Ne7 24. Bb5 Qd8 25. a4 b6 26. Rxc8 Qxc8 27. Qxc8 Rxc8 28. Rxc8+ Nxc8
29. Bd7 Ne7 30. b5 Nef5 31. Ba3 1-0

[Event "SZCZYRK OPEN - TURNIEJ Z OKAZJI SWIETA NIEPODLEGLOSCI - BLITZ 3'+2'' "]
[Site "Szczyrk"]
[Date "2018-11-11"]
[Round "8.40"]
[White "Marciniak, Leonard "]
[Black "Werner, Kacper "]
[Result "0-1"]
[WhiteTitle ""]
[BlackTitle ""]
[WhiteElo "1458"]
[BlackElo "1240"]

1. e3 Nf6 2. d4 g6 3. c3 Bg7 4. Nd2 d5 5. f4 Nc6 6. Ngf3 Bf5 7. Be2 Ne4 8. O-O
h5 9. Nxe4 Bxe4 10. Ng5 f5 11. Ne6 Qd6 12. Nxg7+ Kf7 13. Nxh5 gxh5 14. Bxh5+ Kf8
15. Bf3 Qh6 16. h3 Rg8 17. Kh2 Qh4 18. Qe1 Qh6 19. Bxe4 dxe4 20. Bd2 Kf7 21. Qf2
Rg6 22. c4 Rag8 23. Rg1 Rg4 24. d5 Nd8 25. Bc3 Rh4 26. Qf1 Rhg4 27. g3 R4g6 28.
Be1 Rh8 29. h4 Rg4 30. Qh3 Qh5 31. Rg2 Rhg8 32. b4 b6 33. Rc1 Nb7 34. c5 b5 35.
Bf2 Rd8 36. c6 Nd6 37. Kg1 Nc4 38. Rh2 Rxd5 39. Qf1 Nb6 40. Rd1 Rxg3+ 41. Bxg3
Rxd1 42. Rf2 Rxf1+ 43. Rxf1 0-1

[Event "SZCZYRK OPEN - TURNIEJ Z OKAZJI SWIETA NIEPODLEGLOSCI - BLITZ 3'+2'' "]
[Site "Szczyrk"]
[Date "2018-11-11"]
[Round "8.41"]
[White "Wilgosz, Jan "]
[Black "Ochenduszko, Bartosz "]
[Result "1/2-1/2"]
[WhiteTitle ""]
[BlackTitle ""]
[WhiteElo "1242"]
[BlackElo "1453"]

1. e4 e5 2. Nf3 Nf6 3. Nxe5 d6 4. Nf3 Nxe4 5. Nc3 Nxc3 6. dxc3 Be7 7. Be3 Nc6 8.
Qd2 Bf5 9. O-O-O Qd7 10. Bc4 h6 11. h4 O-O-O 12. Bb5 Qe6 13. Bxc6 Qxa2 14. Qe2
bxc6 15. Nd4 Be4 16. f3 Bd5 17. Nf5 Bf6 18. Qf2 Qa1+ 19. Kd2 Qxb2 20. Bd4 Bxd4
21. Qxd4 Qb6 22. Ne7+ Kd7 23. Nxd5 Qxd4+ 24. cxd4 cxd5 25. Ra1 Ra8 26. Rhb1 Kc6
27. Re1 Kd7 28. Re3 Rhe8 29. Rb3 a5 30. Rb5 Re6 31. Rxd5 a4 32. Rb5 Rae8 33. Rxa4
Re2+ 34. Kd3 Rxg2 35. Rf5 f6 36. d5 Ree2 37. c4 Rd2+ 38. Kc3 Rc2+ 39. Kd3 Rgd2+
40. Ke3 Rh2 41. Kd3 Rcd2+ 42. Kc3 Rdf2 43. Ra8 Rxh4 44. Rg8 g5 45. Rxf6 Re2 46.
Rg7+ Re7 47. Rfg6 Rxg7 48. Rxg7+ Kd8 49. Kd3 h5 50. Rxg5 Rh1 51. Ke2 Rc1 52. Kd3
c6 53. Rxh5 cxd5 54. cxd5 Kc7 55. Rh7+ Kb6 56. Ke4 Re1+ 57. Kf4 Kc5 58. Rh8 Kxd5
59. Rd8 Kc5 60. Kg3 d5 61. Kf2 Ra1 62. f4 Kd4 63. f5 Ke4 64. f6 Ra7 65. Rf8 d4
66. f7 Kf5 67. Ke2 Kf6 68. Kd3 Rd7 69. Rh8 Kxf7 70. Rh4 Ke6 71. Rxd4 1/2-1/2

[Event "SZCZYRK OPEN - TURNIEJ Z OKAZJI SWIETA NIEPODLEGLOSCI - BLITZ 3'+2'' "]
[Site "Szczyrk"]
[Date "2018-11-11"]
[Round "8.42"]
[White "Kordela, Monika"]
[Black "Waszkowska, Sandra "]
[Result "1-0"]
[WhiteTitle ""]
[BlackTitle ""]
[WhiteElo "1451"]
[BlackElo "1177"]

1. d4 Nf6 2. c4 e6 3. Nf3 c5 4. Bg5 Nc6 5. d5 exd5 6. cxd5 Nb8 7. d6 h6 8. Bh4
Qa5+ 9. Nbd2 Bxd6 10. e3 Be7 11. Bc4 Nc6 12. O-O d6 13. Bxf6 Bxf6 14. Ne4 Bxb2
15. Nxd6+ Kf8 16. Rb1 Be5 17. Nxf7 Bf6 18. Nxh8 Bf5 19. Qd6+ Be7 20. Qd5 Nd8 21.
Qg8# 1-0

[Event "SZCZYRK OPEN - TURNIEJ Z OKAZJI SWIETA NIEPODLEGLOSCI - BLITZ 3'+2'' "]
[Site "Szczyrk"]
[Date "2018-11-11"]
[Round "8.43"]
[White "Karut, Kacper"]
[Black "Polak, Sylwia"]
[Result "1/2-1/2"]
[WhiteTitle ""]
[BlackTitle ""]
[WhiteElo "1238"]
[BlackElo "1432"]

1. e4 c5 2. Nf3 e6 3. d4 cxd4 4. Nxd4 a6 5. Nc3 Qc7 6. f3 Nf6 7. Be3 Be7 8. Qd2
b5 9. g4 O-O 10. O-O-O d6 11. h4 Nc6 12. h5 Bb7 13. g5 Nd7 14. g6 Nxd4 15. Bxd4
h6 16. Kb1 f6 17. Be3 Rfc8 18. Bxh6 Bf8 19. Be3 Ne5 20. f4 Nc4 21. Bxc4 Qxc4 22.
h6 Bxe4 23. Nxe4 Qxe4 24. hxg7 Bxg7 25. Qd3 Qxd3 26. Rxd3 d5 27. Bd4 Rc4 28. c3
e5 29. fxe5 fxe5 30. Bf2 d4 31. cxd4 exd4 32. b3 Rc3 33. Rxc3 dxc3 34. Rd1 Rc8
35. Kc2 b4 36. Bg3 Bf8 37. Rd7 Re8 38. Rc7 Re6 39. g7 Bxg7 40. Rc4 Re2+ 41. Kd3
Rd2+ 42. Ke3 Bh6+ 43. Ke4 c2 44. Bf4 Bxf4 45. Kxf4 Kf7 46. Ke3 Rh2 47. Kd3 c1=Q
48. Rxc1 Rxa2 49. Rc4 a5 50. Kd4 Ke7 51. Kc5 Ra3 52. Kb5 Kd6 53. Rc6+ Kd5 54.
Ra6 Rxb3 55. Rxa5 Rb1 56. Ra4 b3 57. Kb4 Kd4 58. Ra3 b2 59. Kb3 Kd3 1/2-1/2

[Event "SZCZYRK OPEN - TURNIEJ Z OKAZJI SWIETA NIEPODLEGLOSCI - BLITZ 3'+2'' "]
[Site "Szczyrk"]
[Date "2018-11-11"]
[Round "8.44"]
[White "Hampel, Anna "]
[Black "Duda, Leon "]
[Result "1-0"]
[WhiteTitle ""]
[BlackTitle ""]
[WhiteElo "1426"]
[BlackElo "1142"]

1. e4 Nf6 2. e5 Nd5 3. c4 Nb6 4. c5 Nd5 5. Bc4 c6 6. d4 g6 7. Nf3 Bg7 8. O-O O-O
9. Bg5 f6 10. Bh4 d6 11. cxd6 exd6 12. Nc3 Be6 13. Re1 a5 14. exf6 Bxf6 15. Rxe6
Bxh4 16. Nxd5 Bxf2+ 17. Kxf2 cxd5 18. Bxd5 Kh8 19. Qd2 Qh4+ 20. Kg1 Nd7 21. Qf2
Qh5 22. Bc4 Nb6 23. Bd3 Rae8 24. Rae1 Rxe6 25. Rxe6 Qd5 26. Re7 Nc8 27. Re1 Qxa2
28. Be4 b6 29. d5 Qc4 30. Qe2 Ne7 31. Qxc4 1-0

[Event "SZCZYRK OPEN - TURNIEJ Z OKAZJI SWIETA NIEPODLEGLOSCI - BLITZ 3'+2'' "]
[Site "Szczyrk"]
[Date "2018-11-11"]
[Round "8.45"]
[White "Smolen, Sebastian"]
[Black "Fil, Grzegorz"]
[Result "1-0"]
[WhiteTitle ""]
[BlackTitle ""]
[WhiteElo "1411"]
[BlackElo "1173"]

1. e4 e5 2. Nf3 Nc6 3. Bc4 Nf6 4. Ng5 Bc5 5. Bxf7+ Kf8 6. Bb3 Bxf2+ 7. Kxf2 Nxe4+
8. Nxe4 Qh4+ 9. Ng3 Ke7 10. Rf1 Rf8+ 11. Kg1 Rxf1+ 12. Qxf1 Qf6 13. Qxf6+ gxf6
14. d3 d6 15. Nc3 Bd7 16. Nd5+ Kd8 17. Bd2 Nd4 18. Rf1 c6 19. Nxf6 Kc7 20. Nxd7
Kxd7 21. Rf7+ Ke8 22. Rxb7 Kf8 23. Bh6+ Ke8 24. Bf7+ Kd8 25. Bg5+ Kc8 26. Re7
c5 27. Re8+ Kb7 28. Bd5+ Ka6 29. Rxa8 Nxc2 30. Ne4 c4 31. Bxc4+ Kb6 32. Nxd6 e4
33. Nxe4 Ka5 34. Rxa7+ Kb6 35. Ra6+ Kb7 36. Nc5+ Kc7 37. Bf4+ Kc8 38. Ra8# 1-0

[Event "SZCZYRK OPEN - TURNIEJ Z OKAZJI SWIETA NIEPODLEGLOSCI - BLITZ 3'+2'' "]
[Site "Szczyrk"]
[Date "2018-11-11"]
[Round "8.46"]
[White "Rozek, Michal"]
[Black "Malik, Maciej"]
[Result "0-1"]
[WhiteTitle ""]
[BlackTitle ""]
[WhiteElo "1217"]
[BlackElo "1407"]

1. c4 d6 2. Nc3 Nf6 3. g3 g6 4. Bg2 Bg7 5. e3 O-O 6. Nge2 c6 7. d4 Nbd7 8. O-O
Qc7 9. Bd2 e5 10. Re1 b6 11. Rc1 Bb7 12. d5 a6 13. e4 Nc5 14. Qc2 Rac8 15. b4
Ncd7 16. a4 c5 17. b5 a5 18. Bg5 h6 19. Bd2 Qd8 20. f4 Qe7 21. fxe5 Nxe5 22. Nb1
Rcd8 23. Bf4 Nfd7 24. Nd2 Bc8 25. Bxe5 Nxe5 26. Nf4 Ng4 27. h3 Bd4+ 28. Kh1 Ne3
29. Qd3 Nxg2 30. Kxg2 Rde8 31. Ne2 Bg7 32. Nf4 Qe5 33. Nf3 Qe7 34. Re2 Bd7 35.
Ree1 Ra8 36. Rcd1 Rfe8 37. Rc1 Be5 38. Nxe5 Qxe5 39. Qc3 Qxc3 40. Rxc3 Bf5 41.
Rce3 Bd7 42. Nd3 Re7 43. Nf4 Rae8 44. Kf3 g5 45. Nh5 Rd8 46. Nf6+ Kg7 47. Nxd7
Rdxd7 48. h4 f6 49. hxg5 fxg5 50. Kg4 Kg6 51. Kf3 Rf7+ 52. Kg2 Rf8 53. Rf3 Rxf3
54. Kxf3 Rf7+ 55. Kg2 h5 56. Rf1 Rxf1 57. Kxf1 Kf6 58. Kf2 Ke5 59. Ke3 h4 60.
gxh4 gxh4 61. Kf3 h3 62. Kg3 Kxe4 63. Kxh3 Kd4 64. Kg4 Kxc4 65. Kf5 Kxd5 66. Kf4
Kc4 67. Ke4 d5+ 68. Ke5 d4 69. Kd6 d3 70. Kc6 d2 71. Kxb6 d1=Q 72. Ka7 Qxa4 73.
b6 Qb5 74. b7 Qxb7+ 75. Kxb7 a4 76. Kb6 a3 77. Kb7 a2 78. Kc6 a1=Q 79. Kb6 Qf6+
80. Ka5 Qa6+ 81. Kxa6 Kb4 82. Kb6 c4 83. Ka6 c3 84. Kb6 c2 85. Ka6 c1=Q 86. Kb6
Qh6+ 87. Kc7 Kb5 88. Kb8 Qg7 89. Kc8 Kb6 90. Kb8 Qb7# 0-1

[Event "SZCZYRK OPEN - TURNIEJ Z OKAZJI SWIETA NIEPODLEGLOSCI - BLITZ 3'+2'' "]
[Site "Szczyrk"]
[Date "2018-11-11"]
[Round "8.47"]
[White "Wiszniewski, Szymon"]
[Black "Kazmierowski, Tymon"]
[Result "1-0"]
[WhiteTitle ""]
[BlackTitle ""]
[WhiteElo "1395"]
[BlackElo "1306"]

1. e4 c5 2. Nf3 e6 3. d3 Nc6 4. g3 Nge7 5. Bg2 g6 6. Nbd2 Bg7 7. O-O O-O 8. Re1
d5 9. Nf1 d4 10. e5 Nd5 11. Bg5 Qc7 12. Qe2 b6 13. Rac1 Bb7 14. c4 Ndb4 15. a3
Na6 16. h4 Nab8 17. N1h2 Nd7 18. Ng4 h5 19. Nf6+ Kh8 20. Nxd7 Qxd7 21. Qd2 f6
22. exf6 Bxf6 23. Bxf6+ Rxf6 24. Ne5 Nxe5 25. Rxe5 Bxg2 26. Kxg2 Qd6 27. Rce1
Raf8 28. Qh6+ Kg8 29. f4 R8f7 30. Rg5 Rg7 31. Rge5 Rh7 32. Qg5 Rhf7 33. R5e4 Rf5
34. Qxg6+ Kf8 35. Qh6+ Rg7 36. Rxe6 Qd7 37. Re8+ Kf7 38. R8e7+ 1-0

[Event "SZCZYRK OPEN - TURNIEJ Z OKAZJI SWIETA NIEPODLEGLOSCI - BLITZ 3'+2'' "]
[Site "Szczyrk"]
[Date "2018-11-11"]
[Round "8.48"]
[White "Kaznowska, Weronika"]
[Black "Drozdzal, Michal "]
[Result "0-1"]
[WhiteTitle ""]
[BlackTitle ""]
[WhiteElo "1199"]
[BlackElo "1375"]

1. d4 Nf6 2. c4 e5 3. dxe5 Ng4 4. Nc3 Bc5 5. e3 O-O 6. b3 d6 7. exd6 Bxd6 8. Bb2
Nc6 9. Nf3 Nce5 10. Nxe5 Bxe5 11. Be2 Qf6 12. Rc1 Qxf2+ 13. Kd2 Qxe3+ 14. Kc2
Bf5+ 15. Bd3 Rad8 16. Nd5 Qf2+ 17. Qd2 Qxd2+ 18. Kxd2 Bxb2 19. Bxf5 Bxc1+ 20.
Kxc1 Nf6 21. Nxc7 g6 22. Bc2 Rc8 23. Nb5 a6 24. Nd6 Rc7 25. Ne4 Nxe4 26. Bxe4
b5 27. Bd5 Rd8 28. Rd1 bxc4 29. Bxf7+ Kxf7 30. Rxd8 cxb3+ 31. Kb2 Rc2+ 32. Kxb3
Rxg2 33. Rd7+ Kg8 34. h4 Rg3+ 35. Kc4 Ra3 36. Rd2 Rh3 37. Rd4 Kg7 38. Kc5 Ra3
39. Rd2 Ra4 40. Rh2 Kf6 41. Rf2+ Ke5 42. Rh2 Kf4 43. Rg2 Kf3 44. Rh2 Kg3 45. Rh1
Rxh4 46. Rxh4 Kxh4 47. Kb6 g5 48. Kxa6 g4 49. Kb7 g3 50. a4 g2 51. a5 g1=Q 52.
a6 Qb1+ 53. Ka7 0-1

[Event "SZCZYRK OPEN - TURNIEJ Z OKAZJI SWIETA NIEPODLEGLOSCI - BLITZ 3'+2'' "]
[Site "Szczyrk"]
[Date "2018-11-11"]
[Round "8.49"]
[White "Wydmanski, Robert"]
[Black "Michno, Mateusz"]
[Result "1-0"]
[WhiteTitle ""]
[BlackTitle ""]
[WhiteElo "1345"]
[BlackElo "1163"]

1. e4 c5 2. Nf3 e6 3. d4 cxd4 4. Nxd4 Nc6 5. Nxc6 bxc6 6. Nc3 d6 7. Bd3 Nf6 8.
O-O Be7 9. Re1 e5 10. Bg5 O-O 11. Ne2 Bg4 12. h3 Bh5 13. Qd2 h6 14. Bxf6 Bxf6
15. Ng3 Bg5 16. Qc3 Bg6 17. Qxc6 Rc8 18. Qb7 Qc7 19. Qxc7 Rxc7 20. Nf5 Bxf5 21.
exf5 Kh7 22. g3 g6 23. fxg6+ fxg6 24. h4 Bf6 25. h5 Kg7 26. hxg6 e4 27. Bxe4 Bxb2
28. Rab1 Bd4 29. Kg2 Rxf2+ 30. Kh3 Rc3 31. Rb7+ Kg8 32. Bd5+ Kf8 33. g7+ Bxg7
34. Rb8+ Rc8 35. Rxc8# 1-0

[Event "SZCZYRK OPEN - TURNIEJ Z OKAZJI SWIETA NIEPODLEGLOSCI - BLITZ 3'+2'' "]
[Site "Szczyrk"]
[Date "2018-11-11"]
[Round "8.51"]
[White "Ignatowski, Nikodem"]
[Black "Mika, Adrian "]
[Result "0-1"]
[WhiteTitle ""]
[BlackTitle ""]
[WhiteElo "1316"]
[BlackElo "1177"]

1. c4 Nf6 2. Nc3 g6 3. g3 Bg7 4. Bg2 Nc6 5. e3 d6 6. d4 Bd7 7. Nge2 e5 8. O-O O-O
9. b3 exd4 10. Nxd4 Nxd4 11. exd4 c6 12. Ba3 Qc7 13. Qd2 b5 14. cxb5 cxb5 15.
Bxa8 Rxa8 16. f4 Ng4 17. Rad1 Qb6 18. Bxd6 Qxd6 19. Qg2 Bxd4+ 20. Kh1 Bc6 21.
Rf3 Bxf3 22. Qxf3 Rd8 23. Qxg4 Qc6+ 24. Qf3 Qxf3# 0-1

[Event "SZCZYRK OPEN - TURNIEJ Z OKAZJI SWIETA NIEPODLEGLOSCI - BLITZ 3'+2'' "]
[Site "Szczyrk"]
[Date "2018-11-11"]
[Round "8.52"]
[White "Strzoda, Szymon"]
[Black "Plichta, Olga"]
[Result "0-1"]
[WhiteTitle ""]
[BlackTitle ""]
[WhiteElo "1190"]
[BlackElo "1300"]

1. e4 c6 2. d4 d5 3. exd5 cxd5 4. c4 Nf6 5. Nc3 Bf5 6. Bd3 Bxd3 7. Qxd3 e6 8. Qe2
Nc6 9. Nf3 Bb4 10. cxd5 Nxd5 11. Bd2 Nxc3 12. Bxc3 Bxc3+ 13. bxc3 O-O 14. O-O
Rc8 15. Rab1 b6 16. Rfd1 Na5 17. Qd3 Qc7 18. Ne5 Qxc3 19. Qxc3 Rxc3 20. d5 exd5
21. Rxd5 Rfc8 22. Rdd1 h6 23. Nf3 Rc2 24. a3 Ra2 25. Rb3 Nxb3 26. h3 Rc1 27. Rxc1
Nxc1 28. Kh2 Rxa3 0-1

[Event "SZCZYRK OPEN - TURNIEJ Z OKAZJI SWIETA NIEPODLEGLOSCI - BLITZ 3'+2'' "]
[Site "Szczyrk"]
[Date "2018-11-11"]
[Round "8.53"]
[White "Sulkowski, Dawid "]
[Black "Rzasa, Dominik "]
[Result "1/2-1/2"]
[WhiteTitle ""]
[BlackTitle ""]
[WhiteElo "1295"]
[BlackElo "1159"]

1. e4 e6 2. d4 d5 3. Nc3 dxe4 4. Nxe4 Nc6 5. Nf3 Nf6 6. Bg5 Be7 7. Nxf6+ Bxf6 8.
Bxf6 Qxf6 9. c3 O-O 10. Bd3 Re8 11. O-O e5 12. dxe5 Nxe5 13. Nxe5 Rxe5 14. Qc2
h6 15. Rfe1 Bf5 16. Rxe5 Bxd3 17. Qxd3 Qxe5 18. Rd1 Kf8 19. h3 Re8 20. Qd7 Qe7
21. Qxe7+ Rxe7 22. Kf1 Ke8 23. g3 Rd7 24. Rxd7 Kxd7 25. Ke2 Ke6 26. Ke3 Kd5 27.
Kd3 c6 28. c4+ Ke5 29. f4+ Kd6 30. Kd4 b6 31. b4 c5+ 32. bxc5+ bxc5+ 33. Ke4 g6
34. g4 Ke6 35. h4 f5+ 36. gxf5+ gxf5+ 37. Ke3 h5 38. Kd3 Kd6 39. Kc3 Kc6 40. Kb3
Kb6 41. Ka4 a5 42. Kb3 Ka6 43. Ka4 Kb6 44. a3 Ka6 45. Kb3 Kb6 46. a4 Ka6 47. Kc3
Kb6 48. Kb3 1/2-1/2

[Event "SZCZYRK OPEN - TURNIEJ Z OKAZJI SWIETA NIEPODLEGLOSCI - BLITZ 3'+2'' "]
[Site "Szczyrk"]
[Date "2018-11-11"]
[Round "8.54"]
[White "Majdecka, Nikola "]
[Black "Krasniewski, Piotr "]
[Result "0-1"]
[WhiteTitle ""]
[BlackTitle ""]
[WhiteElo "1267"]
[BlackElo "1062"]

1. e4 c5 2. Nf3 Nc6 3. Nc3 g6 4. Bc4 Bg7 5. O-O Nf6 6. d3 O-O 7. Be3 d6 8. h3 e5
9. Qd2 a6 10. Bh6 b5 11. Bd5 Nxd5 12. Nxd5 Ne7 13. Qg5 Nxd5 14. Qxd8 Rxd8 15.
Bxg7 Kxg7 16. exd5 f5 17. Rae1 Rf8 18. Re3 h6 19. Kh2 Bb7 20. c4 bxc4 21. dxc4
a5 22. g4 f4 23. Rb3 Ba6 24. g5 h5 25. Nh4 Rab8 26. Ra3 Rxb2 27. Rxa5 Bxc4 28.
Ra7+ Rf7 29. Ra4 Bxf1 30. Kg1 Rb1 31. Kh2 Be2 0-1

[Event "SZCZYRK OPEN - TURNIEJ Z OKAZJI SWIETA NIEPODLEGLOSCI - BLITZ 3'+2'' "]
[Site "Szczyrk"]
[Date "2018-11-11"]
[Round "8.55"]
[White "Nagly, Wojciech"]
[Black "Lewicka, Joanna"]
[Result "1-0"]
[WhiteTitle ""]
[BlackTitle ""]
[WhiteElo "1167"]
[BlackElo "1260"]

1. d4 d5 2. c4 e6 3. Nc3 Nf6 4. Bg5 Be7 5. Nf3 O-O 6. e3 Nbd7 7. Be2 dxc4 8. Bxc4
c5 9. O-O b6 10. d5 exd5 11. Nxd5 Nxd5 12. Bxd5 Rb8 13. Bf4 Nf6 14. Bxf7+ Kxf7
15. Qxd8 Rxd8 16. Bxb8 Bb7 17. Ne5+ Ke6 18. Bc7 Rc8 19. Bxb6 axb6 20. Nc4 Rf8
21. Nxb6 Ne4 22. f3 Nd6 23. Rac1 Nb5 24. a4 Nc7 25. b4 Na6 26. bxc5 Nxc5 27. e4
Nd3 28. Rc3 Nb2 29. Rb1 1-0

[Event "SZCZYRK OPEN - TURNIEJ Z OKAZJI SWIETA NIEPODLEGLOSCI - BLITZ 3'+2'' "]
[Site "Szczyrk"]
[Date "2018-11-11"]
[Round "8.57"]
[White "Wydmanski, Szymon"]
[Black "Lokaj, Bartlomiej"]
[Result "0-1"]
[WhiteTitle ""]
[BlackTitle ""]
[WhiteElo "1165"]
[BlackElo "1252"]

1. d4 Nf6 2. c4 e6 3. Nc3 d5 4. e3 Be7 5. Nf3 O-O 6. Bd3 c5 7. Qc2 Nc6 8. cxd5
exd5 9. dxc5 Bxc5 10. a3 h6 11. b4 Bd6 12. Bb2 Bg4 13. Nd2 Qc7 14. Nb5 Qe7 15.
Nxd6 Qxd6 16. O-O Rac8 17. Qb3 d4 18. Nc4 Qd5 19. e4 Nxe4 20. Bxe4 Qxe4 21. Nd6
Qg6 22. Nxc8 Rxc8 23. Rad1 Ne5 24. Rxd4 Nf3+ 25. Kh1 Nxd4 26. Bxd4 Be6 27. Qb2
a6 28. f4 Rc2 29. Qxc2 Qxc2 30. f5 Bxf5 31. h3 Be4 32. Rg1 Qd2 33. Ba1 Qe2 34.
Bc3 Qc2 35. Bd4 Kh7 36. Bb6 Qa2 37. Bd4 Qxa3 38. Re1 Qd3 0-1

[Event "SZCZYRK OPEN - TURNIEJ Z OKAZJI SWIETA NIEPODLEGLOSCI - BLITZ 3'+2'' "]
[Site "Szczyrk"]
[Date "2018-11-11"]
[Round "8.58"]
[White "Zmuda, Piotr "]
[Black "Niedorys, Karolina "]
[Result "0-1"]
[WhiteTitle ""]
[BlackTitle ""]
[WhiteElo "1250"]
[BlackElo "1141"]

1. Nf3 d5 2. c4 Nf6 3. Nc3 c6 4. cxd5 cxd5 5. d4 Nc6 6. g3 g6 7. Bg2 Bg7 8. O-O
O-O 9. Be3 e6 10. Qd2 Bd7 11. Bh6 Re8 12. Bxg7 Kxg7 13. Rae1 Qb6 0-1

[Event "SZCZYRK OPEN - TURNIEJ Z OKAZJI SWIETA NIEPODLEGLOSCI - BLITZ 3'+2'' "]
[Site "Szczyrk"]
[Date "2018-11-11"]
[Round "8.59"]
[White "Filipek, Justyna "]
[Black "Ochalik, Filip "]
[Result "1-0"]
[WhiteTitle ""]
[BlackTitle ""]
[WhiteElo "1160"]
[BlackElo "1247"]

1. e4 c5 2. Nf3 Nc6 3. d4 cxd4 4. Nxd4 g6 5. Nc3 Bg7 6. Nxc6 bxc6 7. Bd3 Bb7 8.
h3 Nf6 9. Bg5 O-O 10. O-O Re8 11. Re1 Nd5 12. e5 Nxc3 13. Rb1 1-0

[Event "SZCZYRK OPEN - TURNIEJ Z OKAZJI SWIETA NIEPODLEGLOSCI - BLITZ 3'+2'' "]
[Site "Szczyrk"]
[Date "2018-11-11"]
[Round "8.60"]
[White "Cwiklinski, Jacek"]
[Black "Tomaszewski, Kamil "]
[Result "1-0"]
[WhiteTitle ""]
[BlackTitle ""]
[WhiteElo "1245"]
[BlackElo "1055"]

1. e4 e5 2. Nf3 Nc6 3. Bb5 a6 4. Bxc6 dxc6 5. Nc3 Nf6 6. d3 Bd6 7. Bg5 h6 8. Bh4
O-O 9. Qd2 Re8 10. O-O-O Be6 11. a3 b5 12. d4 exd4 13. Qxd4 c5 14. Qd2 b4 15.
axb4 cxb4 16. Nd5 Nxd5 17. Bxd8 Rexd8 18. exd5 Bf5 19. g3 Rab8 20. b3 a5 21. Nd4
Be4 22. Rhe1 Bxd5 23. Nf5 c6 24. Nxd6 Rxd6 25. Qf4 Rbd8 26. Re7 c5 27. Rxd5 Rxd5
28. Qxf7+ Kh8 29. Qxg7# 1-0

[Event "SZCZYRK OPEN - TURNIEJ Z OKAZJI SWIETA NIEPODLEGLOSCI - BLITZ 3'+2'' "]
[Site "Szczyrk"]
[Date "2018-11-11"]
[Round "8.61"]
[White "Rydzewski, Marceli "]
[Black "Kotowicz, Kamil"]
[Result "0-1"]
[WhiteTitle ""]
[BlackTitle ""]
[WhiteElo "1146"]
[BlackElo "1243"]

1. e4 c6 2. d4 d5 3. e5 Bf5 4. Nf3 e6 5. Bd3 Bg6 6. O-O Nd7 7. Nc3 Ne7 8. Bg5 Bxd3
9. Qxd3 h6 10. Bd2 Ng6 11. h4 Nxh4 12. a3 Nxf3+ 13. Qxf3 Be7 14. Qh3 Bg5 15. Bxg5
Qxg5 16. f4 Qf5 17. g4 Qxc2 18. Rab1 O-O-O 19. f5 exf5 20. Rxf5 f6 21. e6 Nb6
22. Rf2 Qg6 23. e7 Rde8 24. g5+ Kc7 25. Qg3+ Kc8 26. Re1 Qxg5 27. Qxg5 hxg5 28.
Rh2 Rxh2 29. Kxh2 Kd7 30. Kg3 Rxe7 31. Rxe7+ Kxe7 32. Kg4 g6 33. Ne2 Nc4 34. a4
Nxb2 35. a5 Nc4 36. a6 bxa6 37. Kf3 f5 38. Kg3 a5 39. Nc3 Kf6 40. Kf3 g4+ 41.
Kf4 g5+ 42. Kg3 Ne3 43. Na4 f4+ 44. Kf2 Kf5 45. Nc5 g3+ 46. Kg1 f3 47. Nd3 f2+
48. Nxf2 gxf2+ 49. Kxf2 Ke4 50. Kg3 a4 51. Kf2 a3 52. Ke2 a2 53. Kd2 Nc2 54. Ke2
a1=Q 55. Kf2 Qd1 56. Kg3 Qf3+ 57. Kh2 Qg4 58. Kh1 Ne3 59. Kh2 Qg2# 0-1

[Event "SZCZYRK OPEN - TURNIEJ Z OKAZJI SWIETA NIEPODLEGLOSCI - BLITZ 3'+2'' "]
[Site "Szczyrk"]
[Date "2018-11-11"]
[Round "8.62"]
[White "Jagodzinski, Jaromir "]
[Black "Starosciak, Szymon "]
[Result "0-1"]
[WhiteTitle ""]
[BlackTitle ""]
[WhiteElo "1141"]
[BlackElo "1233"]

1. d4 Nf6 2. e3 g6 3. Bd3 Bg7 4. f4 O-O 5. Nf3 d5 6. O-O c5 7. c3 Nc6 8. Ne5 Nd7
9. Rf3 Ndxe5 10. fxe5 Bg4 11. dxc5 Nxe5 12. Be2 Bxf3 13. Bxf3 Nxf3+ 14. Qxf3 e6
15. Nd2 Rc8 16. Nb3 a5 17. a4 Qh4 18. Bd2 Qc4 19. Nxa5 Qxc5 20. Nb3 Qc4 21. Nd4
e5 22. Nb5 Ra8 23. Nd6 Qc6 24. Nb5 Ra5 25. b3 Rfa8 26. Rf1 f5 27. Qh3 Rd8 28.
Qh4 Qf6 29. Qxf6 Bxf6 30. Rd1 Raa8 31. Be1 Rac8 32. Na7 Rc7 33. Nb5 Rc6 34. Na7
Rcd6 35. Nb5 R6d7 36. Rd3 d4 37. exd4 exd4 38. cxd4 Bxd4+ 39. Nxd4 Rxd4 40. Rxd4
Rxd4 41. Bc3 Rd3 42. Be5 Rxb3 43. a5 Rb5 44. Bc7 Kf7 45. Bb6 Ke6 46. Kf2 Kd6 47.
Ke3 Rxb6 48. axb6 Kc6 49. Kd4 Kxb6 50. Kc4 Kc6 51. Kb4 b5 52. Kb3 Kc5 53. Kc3
b4+ 54. Kb3 Kb5 55. Kc2 Kc4 56. Kb2 b3 57. Kb1 Kc3 58. Kc1 b2+ 59. Kb1 g5 60.
h3 h5 61. g3 f4 62. gxf4 gxf4 63. h4 f3 64. Ka2 Kc2 65. Ka3 b1=Q 66. Ka4 Kc3 67.
Ka5 Qb7 68. Ka4 Qb4# 0-1

[Event "SZCZYRK OPEN - TURNIEJ Z OKAZJI SWIETA NIEPODLEGLOSCI - BLITZ 3'+2'' "]
[Site "Szczyrk"]
[Date "2018-11-11"]
[Round "8.63"]
[White "Guzik, Wojciech"]
[Black "Gradzki, Artur "]
[Result "1-0"]
[WhiteTitle ""]
[BlackTitle ""]
[WhiteElo "1224"]
[BlackElo "1128"]

1. d4 d5 2. e3 e6 3. Bd3 c5 4. c3 Nf6 5. f4 c4 6. Bc2 Be7 7. Nf3 a6 8. O-O O-O
9. Nbd2 b5 10. Ne5 Nbd7 11. Nxd7 Bxd7 12. Nf3 h6 13. Ne5 a5 14. Nxd7 Qxd7 15.
Qf3 b4 16. Bd2 Rac8 17. e4 dxe4 18. Bxe4 Nxe4 19. Qxe4 Qd5 20. Qe5 Bd6 21. Qxd5
exd5 22. f5 Be7 23. Bf4 bxc3 24. bxc3 Rcd8 25. Be5 Bd6 26. f6 Bxe5 27. dxe5 g6
28. Rad1 Rfe8 29. Rfe1 h5 30. h4 Kf8 31. Kf2 Re6 32. Kf3 Ke8 33. Kf4 Kf8 34. Rd4
Ke8 35. Rb1 Kf8 36. Rb5 a4 37. Rbxd5 Rxd5 38. Rxd5 Ke8 39. Rc5 Kd7 40. Rxc4 Ra6
41. a3 Ke6 42. Rc7 Ra5 43. Re7+ Kd5 44. Rxf7 Kc4 45. Rc7+ Kb3 46. f7 Ra8 47. Re7
Rf8 48. e6 Kxa3 49. Re8 Rxf7+ 50. exf7 Kb3 51. Ra8 a3 52. f8=Q a2 53. Rxa2 Kxa2
54. c4 Kb3 55. c5 Kb4 56. c6+ Kb5 57. c7 Kb6 58. c8=R g5+ 59. hxg5 h4 60. Qc5+
Kb7 61. Qc7+ Ka6 62. Qb8 h3 63. Rc7 hxg2 64. Ra7# 1-0